| 000 | 00926nam a2200277Ia 4500 | ||
|---|---|---|---|
| 001 | 772 | ||
| 003 | GE_BSU | ||
| 008 | 181216s||||||||xx |||||||||||||| ||und|| | ||
| 020 | _a9789941405006 | ||
| 040 | _cGE_BSU | ||
| 080 | _a338.22(076.5)+005.511 | ||
| 100 | _aთურმანიძე,ს და სხვა | ||
| 245 | _aბიზნეს–მენეჯმენტი | ||
| 245 | _bპრაქტიკული სახ–ლო ეკონომიკური სპეციალ.სტუდ–ს. | ||
| 245 | _cრედ.გ.ჭკადუა | ||
| 260 | _aთბილისი | ||
| 260 | _bთობალისი | ||
| 260 | _c2008 | ||
| 300 | _a163გვ. | ||
| 541 | _h7ლ. | ||
| 653 | _aბიზნესი | ||
| 653 | _aბიზნეს–მენეჯმენტი | ||
| 653 | _aეკონომიკა | ||
| 653 | _aმენეჯმენტი | ||
| 942 | _cBK | ||
| 999 |
_c34943 _d34943 |
||